Le pitture rupestri di Salvatore Fiume / (Record no. 75639)

MARC details
000 -LEADER
campo de control de longitud fija 00491nam a2200157 i 4500
001 - NÚMERO DE CONTROL
campo de control 75639
003 - IDENTIFICADOR DE NÚMERO DE CONTROL
campo de control ES-MaACL
007 - CAMPO FIJO DE DESCRIPCIÓN FÍSICA--INFORMACIÓN GENERAL
campo de control de longitud fija t|
008 - DATOS DE LONGITUD FIJA--INFORMACIÓN GENERAL
campo de control de longitud fija 040927s1973 it ||||1| ita d
100 1# - ENTRADA PRINCIPAL--NOMBRE DE PERSONA
Nombre de persona Gualazzi, Enzo.
9 (RLIN) 60288
245 13 - MENCIÓN DEL TÍTULO
Título Le pitture rupestri di Salvatore Fiume /
Mención de responsabilidad, etc. Enzo Gualazzi ; fotografie di Walter Mori.
260 ## - PUBLICACIÓN, DISTRIBUCIÓN, ETC.
Lugar de publicación, distribución, etc. Milano :
Nombre del editor, distribuidor, etc. Boccioni,
Fecha de publicación, distribución, etc. [1973] (
Fabricante Sisar)
300 ## - DESCRIPCIÓN FÍSICA
Extensión 114 p., 40 lám. :
Otras características físicas il. ;
Dimensiones 33 cm.
700 1# - ENTRADA AGREGADA--NOMBRE PERSONAL
Nombre de persona Mori, Walter.
9 (RLIN) 83543
852 ## - LOCALIZACIÓN
Ubicación ES-MaACL
Número de control de estantería G-5395
Sublocalización o colección R.89337
Holdings
Estatus retirado Estado de pérdida Estado de daño No para préstamo Biblioteca de origen Biblioteca actual Ubicación en estantería Fecha de adquisición Fuente de adquisición Total de préstamos Signatura topográfica completa Código de barras Visto por última vez Precio de reemplazo Tipo de ítem Koha
        Biblioteca del Ateneo de Madrid Biblioteca del Ateneo de Madrid Depósito 2 17/01/2008     G-5395 1079168 23/02/2023 23/02/2023 Libro impreso